Feminist film theorists (Record no. 216)

MARC details
000 -LEADER
fixed length control field 00454 a2200169 4500
001 - CONTROL NUMBER
control field 066007
003 - CONTROL NUMBER IDENTIFIER
control field OSt
005 - DATE AND TIME OF LATEST TRANSACTION
control field 20210907110327.0
008 - FIXED-LENGTH DATA ELEMENTS--GENERAL INFORMATION
fixed length control field
082 ## - DEWEY DECIMAL CLASSIFICATION NUMBER
Classification number 791.43015082
Item number C39F
100 1# - MAIN ENTRY--PERSONAL NAME
Personal name Chaudhuri, Sohini
245 1# - TITLE STATEMENT
Title Feminist film theorists
Statement of responsibility, etc by Sohini Chaudhuri
260 ## - PUBLICATION, DISTRIBUTION, ETC. (IMPRINT)
Place of publication, distribution, etc London
Name of publisher, distributor, etc Routledge
Date of publication, distribution, etc 2006
300 ## - PHYSICAL DESCRIPTION
Extent 148p.
690 ## - LOCAL SUBJECT ADDED ENTRY--TOPICAL TERM (OCLC, RLIN)
Topical term or geographic name as entry element Feminism and motion pictures; Feminist film criticism
942 ## - ADDED ENTRY ELEMENTS (KOHA)
Source of classification or shelving scheme Dewey Decimal Classification
Koha item type Books
Holdings
Withdrawn status Lost status Source of classification or shelving scheme Damaged status Not for loan Collection code Home library Current library Department Date acquired Source of acquisition Coded location qualifier Cost, normal purchase price Inventory number(Invoice/Date) Full call number Barcode Date last seen Price effective from Koha item type Public note
    Dewey Decimal Classification     General Text Book Central University Of Rajasthan Central University Of Rajasthan English 07/03/2012 ENG Rawat jaip 898.00 1001/15-03-2010 791.43015082 C39F 293 21/11/2024 02/09/2020 Books Routledge, London